Simulácia senzorického riadenia postoja človeka v prostredí Matlab-Simulink

Guardado en:
Detalles Bibliográficos
Autor principal: Slovák, Vladimír (Autor)
Otros Autores: Hlavačka, František (Orientador), Dúbravská, Mária, 1953- (Orientador)
Formato: Manuscrito Libro
Lenguaje:eslovaco
Publicado: Bratislava : STU v Bratislave FEI, 2003
Materias:
Etiquetas: Agregar Etiqueta
Sin Etiquetas, Sea el primero en etiquetar este registro!

MARC

LEADER 00000ntm a22000003a 4500
001 stu80928
005 20160719164736.6
008 030611s2003------------------------slo-d
040 |a STU  |b slo 
041 0 |a slo 
100 1 |a Slovák, Vladimír  |4 aut 
245 1 |a Simulácia senzorického riadenia postoja človeka v prostredí Matlab-Simulink 
260 |a Bratislava :  |b STU v Bratislave FEI,  |c 2003 
300 |a 48 s 
650 7 |a automatizácia  |2 stusub 
700 1 |a Hlavačka, František  |4 ths 
700 1 |a Dúbravská, Mária,  |d 1953-  |4 ths  |u E011  |U FEI Fakulta elektrotechniky a informatiky  |T FEI Ústav robotiky a kybernetiky  |X 4931  |U E011  |Y 356  |7 A000004931